000 00696nam a22002057a 4500
005 20180123121651.0
010 _aENG-122144
020 _a9789387067028
_c675.00
035 _aEN-105676
037 _bDBAD/PUB
082 _a005.74
100 _aBryla, Bob
245 _aOracle database 12c release 2 new features /
_cby Bob Bryla and Robert G. Freeman
260 _aTamil Nadu
_bMcGraw Hill Education (India)
_c2017
270 _a444/1, Sri Ekambara Naicker Industrial Estate, Alapakkam, Porur, Chennai-600116, Tamil Nadu, India
300 _axvi, 283p.
_c24cm(pbk)
_bill.
500 _aincludes index.
700 _dRobert G. Freeman
942 _2ddc
_cEN
_h005.74
_mBRY
999 _c149449
_d149449